000 00527cam3a220018100 4500
001 tmp16037632
003 UPRA
005 20190815094339.0
008 951128s1990 sa eng u
035 _a(Sirsi) r75468
035 _a(UPRA)tmp16037632
040 _cUPRA
100 1 _aBoaden, B. G.
_6A35873.1
245 1 4 _aThe low income housing crisis :
_ba university response /
_cB.G. Boaden.
260 _aCapetown :
_bUniversity of Capetown,
_c1990.
949 _a(O8)UCN SER/154
_wlcc
_mMAIN
_tBOOK
_lON-SHELF
004 75468
999 _c59459
_d59459